00834nam a2200217Ia 4500003000900000008004100009020001800050040001600068080001300084100002700097245014400124260003200268300001600300650003600316650004200352650003900394650003100433942000700464999001700471952012800488IN-BaIIA211028s9999 xx 000 0 eng d a0-713-99878-4 cIIA Library a330bFRI aFriedman, T. L.929755 4aThe world is flatba brief history of the globalized world in the 21st centurycT. L. Friedman  aLondonbPenguin Booksc2005 aviii, 488p. aDiffusion of Innovations929756 aGlobalisation -Economic Aspect929757 aGlobalization-Social Aspect929758 aInformation Society929759 cBK c16089d16089 00104070aBANbBANcGENd2006-02-01eANJ g715.00l0o330/ FRIp17011r2021-11-05v715.00w2006-02-01yBKGRs. 715.00